000 00489cam a2200193ua 4500
001 2650
005 20260515113536.0
008 110901n ii |||gr||||Z||||||asm
040 _cMAIN
082 _a398.054162
100 1 _aBardoloi, Nirmal Prabha,
_eAuthor.
245 1 1 _aAsomar loka sanskriti
_cby Nirmal Prabha Bardoloi
250 _a2nd.
260 _aGuahati:
_bBina Library,983.
300 _a265p:
_c23cm.
653 _aFolklore
653 _aAsomar loka sanskriti
942 _cBK
999 _c2499
_d2499